Ciekawostki z League of Legends - Statystyki

Ogólne statystyki
  • Ten quiz został rozwiązany 505 razy
  • Średni wynik to 6 z 13
Statystyki odpowiedzi
Zagadnienie Odpowiedź % Poprawnych
Królik doświadczalny Singeda Warwick
100%
Ma romans z Katariną Garen
80%
Stoi na czele plemienia Avarosan wraz ze swoją małżonką Ashe Tryndamere
80%
Zdradził/a swojego mistrza. Brand
60%
Jest najstarszym tworem pustki. Vel'Koz
60%
Chce zniszczyć ludzi żyjących w Freljordzie Volibear
60%
Zaciąga ofiary na Wyspy Cienia i karmi nimi Vilemawa. Elise
40%
Kontroluje balans na Runeterze. Bard
20%
Został/a ożywiony przez magów Mordekaiser
20%
Jest niepokonanym wojownikiem. Olaf
20%
Podkochuje się w Tristanie. Rumble
20%
Poluje na pół-demony Azakana Yone
20%
Dobrowolnie przyjął/a do swojego ciała demona. Swain
0%
Nie znaleziono quizów pasujących do podanych kryteriów
Rozkład punktacji
Procent ludzi z każdym wynikiem
Percentyl według liczby udzielonych odpowiedzi
Twoja historia wyników
Nie rozwiązałeś tego quizu